| 000 | 00654nam a2200229 a 4500 | ||
|---|---|---|---|
| 008 | |||
| 020 | _a0521578817 (pbk.) | ||
| 049 | _aMAIN | ||
| 090 |
_aQD453.2 _bLAD |
||
| 100 | 1 | _aLadd, Mark. | |
| 245 | 1 | 0 |
_aIntroduction to physical chemistry / _cMark Ladd. |
| 250 | _a3rd ed. | ||
| 260 |
_aNew York : _bCambridge University Press, _c1998. |
||
| 300 |
_axix, 538 p. : _bill. ; _c25 cm. |
||
| 500 | _aIncludes index. | ||
| 650 | 0 | _aChemistry, Physical and theoretical. | |
| 907 |
_a.b1001875x _b11-06-09 _c17-04-03 |
||
| 003 | |||
| 005 | 20230123133749.0 | ||
| 040 | _cNUST | ||
| 942 |
_cBOOKS _kQD453.2 _mLAD |
||
| 999 |
_c154216 _d154216 |
||